| 000 | 02773nam0a2200409 4500 | ||
|---|---|---|---|
| 001 | RU\NLR\BIBL_A\011641110 | ||
| 005 | 20250626102528.0 | ||
| 020 |
_aRU _b12510 _9Сводный каталог листовок первых лет Советской власти (25 октября (7 ноября) 1917 - 1925) Т.4 (Ч.3). Листовки советских, партийных, профсоюзных, комсомольских и других организаций губерний РСФСР |
||
| 035 | _a(NLR Aleph) 011641110 | ||
| 090 |
_a11080187 _c11080187 |
||
| 100 | _a20180222d1922 |||y0rusy50 ca | ||
| 101 | 0 | _arus | |
| 102 | _aRU | ||
| 105 | _ay z 000zy | ||
| 135 | _acrcn 024apada | ||
| 200 | 1 |
_aВоззвание Царицынского губернского исполнительного комитета ко всем гражданам Царицынской губернии: [О введении трудгужевого налога _eлистовка _fЦарицынский губ. исполнительный комитет Советов] |
|
| 210 |
_aЦарицын _cТипо-лит. Губсовнархоза _d[1922] |
||
| 215 |
_a1 с. в 2 стб. _d30х37 |
||
| 300 | _aПодписи: предгубисполкома Морозов; завгуботделом труда Турбин; секретарь - член Президиума Кащеев | ||
| 325 | 1 | _aКопия доступна в Электронной библиотеке РНБ | |
| 517 | 1 | _aО введении трудгужевого налога | |
| 607 |
_aРСФСР _jЛистовки _xПолитика и управление _y1917 - 1925 _92312782 _3RU\NLR\auth\6601609564 |
||
| 686 | 0 | _aТ3(2)71-313,011 | |
| 686 | 0 | _aТ3(2Р-7Ц)713-2,011 | |
| 702 | 1 |
_4720 _aМорозов _cучастник установления советской власти, г. Царицын _9192630 _3RU\NLR\AUTH\770192681 |
|
| 702 | 1 |
_4720 _aТурбин _cучастник установления советской власти, г. Царицын _9192806 _3RU\NLR\AUTH\770192857 |
|
| 702 | 1 |
_4720 _aКащеев _bА. _cучастник установления советской власти, г. Царицын _9192810 _3RU\NLR\AUTH\770192861 |
|
| 710 | 0 | 2 |
_aСталинградский губернский исполнительный комитет Советов _9466582 _3RU\NLR\AUTH\880399808 |
| 852 | 0 | 0 |
_aNLR _bФЛ _j61/9 |
| 942 | _cBOOK | ||
| 980 | _aNB | ||
| 981 | 2 | 1 |
_a(21) Листовки _b(21) Листовки 1922 года |